|
|
|
|
| LEADER |
00000cam a2200000 7i4500 |
| 001 |
0000167708 |
| 005 |
20130717.0 |
| 020 |
|
|
|a 9674158065
|
| 020 |
|
|
|a 9789674158064
|
| 090 |
0 |
0 |
|a 338.04092
|b PRE
|
| 100 |
0 |
|
|a Premilla Mohanlall
|
| 245 |
1 |
0 |
|a Syed Mokhtar Albukhary :
|b a biography
|c Premilla Mohanlall
|
| 260 |
|
|
|a Petaling Jaya :
|b pVm communications sdn bhd ,
|c 2012
|
| 300 |
|
|
|a 180p. ;
|c 22cm.
|
| 600 |
0 |
0 |
|a Syed Mokhtar Albukhary ,
|c Tan Sri ,
|d 1951-
|
| 650 |
0 |
0 |
|a Businesspeople
|z Malaysia
|x Biography
|
| 650 |
0 |
0 |
|a Success in business
|z Malaysia
|
| 999 |
|
|
|a 00276080
|b BUKU
|c MALAYSIANA
|e PERPUSTAKAAN KOMUNITI PETALING JAYA
|
| 999 |
|
|
|a 00285842
|b BUKU
|c PINJAMAN
|e PERPUSTAKAAN KOMUNITI PETALING JAYA
|
| 999 |
|
|
|a 00366551
|b BUKU
|c MALAYSIANA
|e PERPUSTAKAAN KOMUNITI PETALING JAYA
|